[Event "LiSB-ch"]
[Site "Stein"]
[Date "2000.11.25"]
[Round "1"]
[White "Driessens, Patrick"]
[Black "Leentjens, Gilbert"]
[Result "1/2-1/2"]
[WhiteElo "2223"]
[BlackElo "1790"]
[PlyCount "104"]
[EventDate "2000.11.25"]
[EventType "swiss"]
[EventRounds "7"]
[EventCountry "NED"]
[Source "P.Boonen"]
[SourceDate "2012.01.01"]

1. d4 d5 2. Nf3 e6 3. g3 Nd7 4. Bg2 c6 5. O-O Bd6 6. b3 Ngf6 7. c4 b6 8. Bb2
Qc7 9. Nbd2 O-O 10. e4 Nxe4 11. Nxe4 dxe4 12. Ng5 Nf6 13. Nxe4 Nxe4 14. Bxe4
Bb7 15. Qc2 f5 16. Bf3 e5 17. c5 bxc5 18. dxe5 Bxe5 19. Bxe5 Qxe5 20. Rac1 Rae8
21. Qxc5 Qxc5 22. Rxc5 Rf6 23. Rfc1 Ree6 24. b4 a6 25. a4 Re7 26. Bxc6 Rxc6 27.
Rxc6 Bxc6 28. Rxc6 Re4 29. Rb6 a5 30. bxa5 Rxa4 31. a6 h5 32. h4 f4 33. gxf4
Kh7 34. Kg2 Rxf4 35. Rb5 Ra4 36. Rxh5+ Kg6 37. Rg5+ Kf6 38. Kg3 Rxa6 39. Rb5 g6
40. Rb4 Ra5 41. Kg4 Rd5 42. Rf4+ Kg7 43. Re4 Kf6 44. f3 Rc5 45. Rf4+ Kg7 46.
Ra4 Kf6 47. Ra6+ Kg7 48. Ra7+ Kf6 49. Rh7 Rd5 50. h5 Rxh5 51. Rxh5 gxh5+ 52.
Kxh5 Kf5 1/2-1/2

[Event "LiSB-ch"]
[Site "Stein"]
[Date "2000.11.25"]
[Round "1"]
[White "Heltzel, Joost"]
[Black "Mertens, Frans"]
[Result "1-0"]
[WhiteElo "2115"]
[BlackElo "2015"]
[PlyCount "115"]
[EventDate "2000.11.25"]
[EventType "swiss"]
[EventRounds "7"]
[EventCountry "NED"]
[Source "P.Boonen"]
[SourceDate "2012.01.01"]

1. e4 c6 2. d4 d5 3. exd5 cxd5 4. Bd3 Nf6 5. Nf3 Bg4 6. c3 Nbd7 7. O-O e6 8.
Bf4 Bh5 9. Re1 Be7 10. Nbd2 Bg6 11. Bf1 O-O 12. Ne5 Nxe5 13. dxe5 Ne4 14. Nxe4
Bxe4 15. Qb3 Qc7 16. Bg3 Rac8 17. Rad1 Rfd8 18. f3 Bg6 19. Bf2 Bc5 20. Bxc5
Qxc5+ 21. Rd4 Rc7 22. g3 h6 23. h3 a5 24. Kh2 Bc2 25. Qb5 Qxb5 26. Bxb5 Rdc8
27. f4 Rc5 28. Be2 Kf8 29. g4 Ke7 30. Kg3 g5 31. Rf1 Be4 32. Bd3 Bxd3 33. Rxd3
Rc4 34. Rdf3 Rf8 35. f5 Re4 36. fxe6 Kxe6 37. Rf6+ Ke7 38. Rb6 Rxe5 39. Rxb7+
Kd6 40. Rf6+ Kc5 41. Rc7+ Kb5 42. Rxh6 f5 43. b3 f4+ 44. Kf2 a4 45. Rb7+ Kc5
46. Ra7 axb3 47. axb3 Kb5 48. Rb7+ Kc5 49. Rbb6 d4 50. Rbc6+ Kb5 51. cxd4 Re3
52. Rc5+ Kb4 53. Rxg5 Kxb3 54. Rf5 Rfe8 55. Rxf4 Re2+ 56. Kg3 R8e3+ 57. Rf3
Rxf3+ 58. Kxf3 1-0

[Event "LiSB-ch"]
[Site "Stein"]
[Date "2000.11.25"]
[Round "2"]
[White "Dambacher, Martijn"]
[Black "Driessens, Patrick"]
[Result "1-0"]
[WhiteElo "2256"]
[BlackElo "2223"]
[PlyCount "81"]
[EventDate "2000.11.25"]
[EventType "swiss"]
[EventRounds "7"]
[EventCountry "NED"]
[Source "P.Boonen"]
[SourceDate "2012.01.01"]

1. e4 e6 2. d4 d5 3. Nc3 Bb4 4. a3 Bxc3+ 5. bxc3 dxe4 6. Qg4 Nf6 7. Qxg7 Rg8 8.
Qh6 c5 9. Ne2 Rg6 10. Qe3 Nbd7 11. Ng3 Nd5 12. Qd2 f5 13. Be2 N7f6 14. c4 Ne7
15. dxc5 Qxd2+ 16. Bxd2 Bd7 17. Nh5 O-O-O 18. Nxf6 Rxf6 19. Bg5 Rf7 20. Bh5 Rg8
21. Bxf7 Rxg5 22. O-O-O Nc6 23. Rd6 Rxg2 24. Rhd1 Ne5 25. Rxd7 Nxd7 26. Bxe6
Rg7 27. Bxf5 Kc7 28. Rxd7+ Rxd7 29. Bxd7 Kxd7 30. Kd2 Ke6 31. Ke3 Ke5 32. a4 a5
33. c3 Kf5 34. f3 exf3 35. Kxf3 h5 36. Ke3 Kg4 37. Ke4 Kh3 38. Kd5 Kxh2 39. c6
bxc6+ 40. Kxc6 h4 41. Kb6 1-0

[Event "LiSB-ch"]
[Site "Stein"]
[Date "2000.11.25"]
[Round "2"]
[White "Leentjens, Gilbert"]
[Black "Heltzel, Joost"]
[Result "0-1"]
[WhiteElo "1790"]
[BlackElo "2115"]
[PlyCount "86"]
[EventDate "2000.11.25"]
[EventType "swiss"]
[EventRounds "7"]
[EventCountry "NED"]
[Source "P.Boonen"]
[SourceDate "2012.01.01"]

1. e4 c6 2. d4 d5 3. e5 c5 4. c3 Nc6 5. Be3 Bf5 6. Nf3 c4 7. Nh4 Bxb1 8. Rxb1
e6 9. g3 b5 10. b4 a5 11. a3 axb4 12. axb4 Ra3 13. Bd2 Nge7 14. Bh3 Ng6 15. Nf3
h6 16. O-O Be7 17. Qc1 Qa8 18. Ra1 Rxa1 19. Qxa1 Kd7 20. Qb2 Qb7 21. Ra1 Ra8
22. Ne1 Nf8 23. Nc2 Kc7 24. f4 g6 25. Ne3 h5 26. g4 hxg4 27. Nxg4 Nd7 28. Bg2
Kd8 29. Nh6 Ke8 30. Rf1 Qa7 31. f5 Ndxe5 32. fxe6 fxe6 33. Bf4 Nd3 34. Qe2 Nd8
35. Qf3 Qa3 36. Ng8 Nxf4 37. Nxe7 Kxe7 38. Qxf4 Qxc3 39. Qf8+ Kd7 40. Qg7+ Kc8
41. Qe5 Ra1 42. Bh3 Rxf1+ 43. Bxf1 Qxb4 0-1

[Event "LiSB-ch"]
[Site "Stein"]
[Date "2000.11.25"]
[Round "2"]
[White "Peric, Mijo"]
[Black "Bus, Tom"]
[Result "1/2-1/2"]
[WhiteElo "1842"]
[BlackElo "2049"]
[PlyCount "114"]
[EventDate "2000.11.25"]
[EventType "swiss"]
[EventRounds "7"]
[EventCountry "NED"]
[Source "P.Boonen"]
[SourceDate "2012.01.01"]

1. e4 c5 2. Nc3 Nc6 3. g3 g6 4. Bg2 Bg7 5. d3 d6 6. Be3 e5 7. Qd2 Nge7 8. h4 h5
9. Nh3 Nd4 10. Ne2 d5 11. exd5 Nxd5 12. c3 Nxe3 13. fxe3 Nf5 14. e4 Bh6 15. Ng5
Ng7 16. Qc2 Bxg5 17. hxg5 Qxg5 18. Qd2 Qxd2+ 19. Kxd2 Ke7 20. Ng1 Be6 21. Nf3
f6 22. Nh4 Bf7 23. Ke3 Rad8 24. c4 Rd6 25. Bh3 Rhd8 26. Bf1 Ne6 27. Rc1 Nd4 28.
Rh2 Kf8 29. Rf2 Kg7 30. Nf3 Nxf3 31. Rxf3 Be6 32. Rf2 Bg4 33. b4 cxb4 34. Rb2
a5 35. a3 g5 36. axb4 axb4 37. Rxb4 Bc8 38. c5 Ra6 39. Be2 Kg6 40. Rb2 Ra3 41.
c6 bxc6 42. Rxc6 Ra6 43. Rc7 Rad6 44. Rd2 Be6 45. Re7 R8d7 46. Re8 Rh7 47. Bf3
h4 48. g4 h3 49. Rh2 Rh4 50. Ra8 Rb6 51. Ra1 Rb3 52. Rd1 Ra3 53. Rdh1 Bd7 54.
Rxh3 Rxh3 55. Rxh3 Ra1 56. Rh2 Rg1 57. Kf2 Ra1 1/2-1/2

[Event "LiSB-ch"]
[Site "Stein"]
[Date "2000.11.26"]
[Round "3"]
[White "Bus, Tom"]
[Black "Mertens, Frans"]
[Result "1/2-1/2"]
[WhiteElo "2049"]
[BlackElo "2015"]
[PlyCount "84"]
[EventDate "2000.11.25"]
[EventType "swiss"]
[EventRounds "7"]
[EventCountry "NED"]
[Source "P.Boonen"]
[SourceDate "2012.01.01"]

1. c4 e6 2. g3 d5 3. Bg2 Nf6 4. Nf3 Bd6 5. O-O O-O 6. Qc2 Nbd7 7. b3 c6 8. Bb2
a6 9. d3 Qe7 10. Nc3 b6 11. e4 dxe4 12. Nxe4 Nxe4 13. dxe4 e5 14. Rad1 Bc7 15.
Nh4 g6 16. Kh1 Bb7 17. Qd2 Rad8 18. Qh6 f6 19. Rd2 Nb8 20. Rfd1 Rxd2 21. Rxd2
c5 22. f3 Nc6 23. Bh3 Nd4 24. Kg2 Qf7 25. Kf2 Re8 26. Qe3 Bd6 27. Qd3 Bf8 28.
Rd1 Bh6 29. Ng2 Rd8 30. Ne3 Bxe3+ 31. Qxe3 Qe7 32. Rd2 Kg7 33. Bg2 Rf8 34. f4
Qe6 35. Kg1 Rf7 36. a3 Re7 37. fxe5 fxe5 38. Rf2 Rf7 39. Rxf7+ Qxf7 40. h4 Qe6
41. Kh2 Qg4 42. Qd3 Bc6 1/2-1/2

[Event "LiSB-ch"]
[Site "Stein"]
[Date "2000.11.26"]
[Round "3"]
[White "Driessens, Patrick"]
[Black "Peric, Mijo"]
[Result "1-0"]
[WhiteElo "2223"]
[BlackElo "1842"]
[PlyCount "83"]
[EventDate "2000.11.25"]
[EventType "swiss"]
[EventRounds "7"]
[EventCountry "NED"]
[Source "P.Boonen"]
[SourceDate "2012.01.01"]

1. d4 Nf6 2. c4 c5 3. d5 b5 4. Nf3 d6 5. Qc2 g6 6. e4 Nbd7 7. cxb5 a6 8. bxa6
Bxa6 9. Bxa6 Qa5+ 10. Nbd2 Qxa6 11. b3 Bg7 12. Bb2 O-O 13. Nc4 e6 14. dxe6 fxe6
15. O-O d5 16. exd5 exd5 17. Nce5 Qd6 18. Nxd7 Qxd7 19. Rfe1 Ne4 20. Bxg7 Kxg7
21. Rad1 Qf5 22. Re2 Rad8 23. Ne1 Qf6 24. Rd3 Qb6 25. Rf3 Rfe8 26. h4 Rd6 27.
Nd3 Qd8 28. g3 Rc6 29. Nf4 Qd7 30. Qd3 Rd6 31. Kg2 g5 32. hxg5 Nxg5 33. Rxe8
Qxe8 34. Re3 Qd7 35. Re5 h6 36. Rxd5 Qc6 37. Kh2 Rxd5 38. Qxd5 Nf3+ 39. Kg2
Ne1+ 40. Kf1 Qxd5 41. Nxd5 Nc2 42. Ke2 1-0

[Event "LiSB-ch"]
[Site "Stein"]
[Date "2000.11.26"]
[Round "3"]
[White "Heltzel, Joost"]
[Black "Dambacher, Martijn"]
[Result "1/2-1/2"]
[WhiteElo "2115"]
[BlackElo "2256"]
[PlyCount "44"]
[EventDate "2000.11.25"]
[EventType "swiss"]
[EventRounds "7"]
[EventCountry "NED"]
[Source "P.Boonen"]
[SourceDate "2012.01.01"]

1. Nf3 c5 2. b3 Nf6 3. e3 g6 4. Bb2 Bg7 5. Be2 O-O 6. O-O b6 7. c4 Bb7 8. d4
cxd4 9. Nxd4 d5 10. Nf3 dxc4 11. Bxc4 Nbd7 12. Nbd2 a6 13. b4 b5 14. Bb3 Nb6
15. Rc1 Bd5 16. Bd4 Bxb3 17. Nxb3 Nc4 18. Ne5 Nxe5 19. Bxe5 Qxd1 20. Rfxd1 Rfd8
21. Rxd8+ Rxd8 22. Kf1 Nd5 1/2-1/2

[Event "LiSB-ch"]
[Site "Stein"]
[Date "2000.11.26"]
[Round "4"]
[White "Driessens, Patrick"]
[Black "Heltzel, Joost"]
[Result "1-0"]
[WhiteElo "2223"]
[BlackElo "2115"]
[PlyCount "71"]
[EventDate "2000.11.25"]
[EventType "swiss"]
[EventRounds "7"]
[EventCountry "NED"]
[Source "P.Boonen"]
[SourceDate "2012.01.01"]

1. d4 Nf6 2. c4 e6 3. Nc3 Bb4 4. Qc2 c5 5. dxc5 O-O 6. a3 Bxc5 7. Nf3 b6 8. Bg5
Be7 9. e4 Bb7 10. O-O-O Na6 11. e5 Ng4 12. Bxe7 Qxe7 13. Bd3 Bxf3 14. gxf3 Nxe5
15. Bxh7+ Kh8 16. Be4 Rab8 17. f4 Ng4 18. f5 Rfc8 19. Rhg1 Nh6 20. Rg3 Nc5 21.
Rdg1 Rg8 22. fxe6 Nxe6 23. Qd2 Qf6 24. Kb1 Qf4 25. Qc2 f5 26. Bd5 a6 27. Ne2
Qe5 28. f4 Qf6 29. Rg6 Qe7 30. Qc3 Kh7 31. Nd4 Nxf4 32. Bxg8+ Rxg8 33. Rxb6 Qh4
34. Qg3 Qd8 35. Rxa6 g5 36. h4 1-0

[Event "LiSB-ch"]
[Site "Stein"]
[Date "2000.11.26"]
[Round "4"]
[White "Leentjens, Gilbert"]
[Black "Bus, Tom"]
[Result "0-1"]
[WhiteElo "1790"]
[BlackElo "2049"]
[PlyCount "66"]
[EventDate "2000.11.25"]
[EventType "swiss"]
[EventRounds "7"]
[EventCountry "NED"]
[Source "P.Boonen"]
[SourceDate "2012.01.01"]

1. e4 c5 2. Nf3 Nc6 3. d4 cxd4 4. Nxd4 Nf6 5. Nc3 d6 6. Bc4 Qb6 7. Nb3 e6 8.
Be3 Qc7 9. O-O Be7 10. f4 Bd7 11. Qe2 a6 12. a4 Rc8 13. Nd2 O-O 14. Bb3 Rfe8
15. Qf3 Bf8 16. Rad1 d5 17. Ne2 dxe4 18. Nxe4 Nxe4 19. Qxe4 Nb4 20. Nd4 Nd5 21.
Bc1 Nf6 22. Qf3 e5 23. fxe5 Bg4 24. Qg3 Bxd1 25. Rxf6 Qxe5 26. Bxf7+ Kh8 27.
Bxe8 Qxd4+ 28. Rf2 Rxe8 29. Be3 Qd6 30. Qxd6 Bxd6 31. Rd2 Bf8 32. Rxd1 Rxe3 33.
Rd8 Kg8 0-1

[Event "LiSB-ch"]
[Site "Stein"]
[Date "2000.12.02"]
[Round "5"]
[White "Bus, Tom"]
[Black "Dambacher, Martijn"]
[Result "1/2-1/2"]
[WhiteElo "2049"]
[BlackElo "2256"]
[PlyCount "47"]
[EventDate "2000.11.25"]
[EventType "swiss"]
[EventRounds "7"]
[EventCountry "NED"]
[Source "P.Boonen"]
[SourceDate "2012.01.01"]

1. c4 e5 2. g3 d6 3. Bg2 g6 4. Nc3 Bg7 5. e4 c6 6. Nge2 Ne7 7. O-O O-O 8. d3 a6
9. Be3 b5 10. Qd2 Be6 11. b3 f5 12. Rae1 d5 13. exd5 cxd5 14. Bg5 Bf6 15. Bxf6
Rxf6 16. cxd5 Bf7 17. f4 exf4 18. Nxf4 Ra7 19. b4 Qd6 20. a3 Nd7 21. Qe3 Nb6
22. g4 Qd8 23. g5 Rd6 24. Qe5 1/2-1/2

[Event "LiSB-ch"]
[Site "Stein"]
[Date "2000.12.02"]
[Round "5"]
[White "Heltzel, Joost"]
[Black "Peric, Mijo"]
[Result "1-0"]
[WhiteElo "2115"]
[BlackElo "1842"]
[PlyCount "47"]
[EventDate "2000.11.25"]
[EventType "swiss"]
[EventRounds "7"]
[EventCountry "NED"]
[Source "P.Boonen"]
[SourceDate "2012.01.01"]

1. Nf3 Nf6 2. g3 g6 3. Bg2 Bg7 4. O-O O-O 5. d3 d5 6. Nbd2 b6 7. c4 c6 8. Rb1
Nbd7 9. b4 Bb7 10. Bb2 c5 11. bxc5 Nxc5 12. Ne5 Re8 13. Qc2 Rb8 14. Rfc1 Qc8
15. d4 Ncd7 16. Qa4 Nxe5 17. dxe5 Qd7 18. Qxa7 Ne4 19. Nxe4 Ra8 20. Qxb6 dxe4
21. e6 fxe6 22. Bxg7 Kxg7 23. Qxb7 Qd2 24. Qb2+ 1-0

[Event "LiSB-ch"]
[Site "Stein"]
[Date "2000.12.02"]
[Round "5"]
[White "Mertens, Frans"]
[Black "Leentjens, Gilbert"]
[Result "0-1"]
[WhiteElo "2015"]
[BlackElo "1790"]
[PlyCount "72"]
[EventDate "2000.11.25"]
[EventType "swiss"]
[EventRounds "7"]
[EventCountry "NED"]
[Source "P.Boonen"]
[SourceDate "2012.01.01"]

1. d4 d5 2. Nf3 e6 3. c4 c6 4. Nc3 Nf6 5. Bg5 dxc4 6. e4 b5 7. e5 h6 8. Bh4 g5
9. Nxg5 hxg5 10. Bxg5 Nbd7 11. exf6 Bb7 12. g3 c5 13. d5 Qb6 14. Bg2 O-O-O 15.
O-O b4 16. Rb1 Qa6 17. dxe6 Bxg2 18. e7 Bxf1 19. Qd5 Bh6 20. Bxh6 Bd3 21.
exd8=Q+ Rxd8 22. Qa8+ Nb8 23. Nd5 Qb7 24. Ne7+ Kc7 25. Bf4+ Kb6 26. Qxb7+ Kxb7
27. Re1 c3 28. bxc3 bxc3 29. g4 Rd4 30. Bxb8 Kxb8 31. Nc6+ Kc7 32. Nxd4 cxd4
33. Re7+ Kd6 34. Re8 c2 35. Rc8 Bf5 36. Kf1 Bxc8 0-1

[Event "LiSB-ch"]
[Site "Stein"]
[Date "2000.12.02"]
[Round "6"]
[White "Dambacher, Martijn"]
[Black "Mertens, Frans"]
[Result "1/2-1/2"]
[WhiteElo "2256"]
[BlackElo "2015"]
[PlyCount "74"]
[EventDate "2000.11.25"]
[EventType "swiss"]
[EventRounds "7"]
[EventCountry "NED"]
[Source "P.Boonen"]
[SourceDate "2012.01.01"]

1. e4 c6 2. d4 d5 3. exd5 cxd5 4. c4 Nf6 5. Nc3 e6 6. Nf3 Bb4 7. cxd5 Nxd5 8.
Bd2 Nc6 9. Bd3 O-O 10. O-O Be7 11. a3 Nf6 12. Bg5 h6 13. Be3 b6 14. Re1 Bb7 15.
Qd2 Ng4 16. Bc2 Nxe3 17. Rxe3 Bf6 18. Qd3 g6 19. Rd1 Ne7 20. Ne5 Rc8 21. Bb3
Kg7 22. Ree1 Nd5 23. Ne4 Nf4 24. Qf3 Bxe4 25. Qxe4 Nd5 26. Bc2 Ne7 27. Ng4 Qd5
28. Nxf6 Kxf6 29. Qf4+ Kg7 30. Be4 Qg5 31. Qf3 Rfd8 32. g3 Nd5 33. h4 Qf6 34.
Qb3 Rc7 35. Rd3 h5 36. Red1 Qe7 37. Bg2 Rd6 1/2-1/2

[Event "LiSB-ch"]
[Site "Stein"]
[Date "2000.12.02"]
[Round "6"]
[White "Driessens, Patrick"]
[Black "Bus, Tom"]
[Result "0-1"]
[WhiteElo "2223"]
[BlackElo "2049"]
[PlyCount "60"]
[EventDate "2000.11.25"]
[EventType "swiss"]
[EventRounds "7"]
[EventCountry "NED"]
[Source "P.Boonen"]
[SourceDate "2012.01.01"]

1. d4 Nf6 2. c4 c5 3. d5 b5 4. cxb5 a6 5. Nc3 axb5 6. e4 b4 7. Nb5 d6 8. Bc4 g6
9. e5 dxe5 10. d6 exd6 11. Bg5 Be7 12. Bxf6 Bxf6 13. Nxd6+ Kf8 14. Nxf7 Qxd1+
15. Rxd1 Nd7 16. Nxh8 Nb6 17. Bd3 Bb7 18. Nxg6+ hxg6 19. Ne2 Rxa2 20. b3 e4 21.
Nc1 Bc3+ 22. Kf1 Rd2 23. Be2 Rc2 24. Bb5 Bd5 25. h4 Bd2 26. Ne2 Bxb3 27. h5
gxh5 28. Rxh5 Ra2 29. Nc1 Bxd1 30. Nxa2 Bxh5 0-1

[Event "LiSB-ch"]
[Site "Stein"]
[Date "2000.12.02"]
[Round "6"]
[White "Peric, Mijo"]
[Black "Leentjens, Gilbert"]
[Result "0-1"]
[WhiteElo "1842"]
[BlackElo "1790"]
[PlyCount "56"]
[EventDate "2000.11.25"]
[EventType "swiss"]
[EventRounds "7"]
[EventCountry "NED"]
[Source "P.Boonen"]
[SourceDate "2012.01.01"]

1. e4 e5 2. d4 exd4 3. c3 dxc3 4. Nxc3 Nc6 5. Nf3 Bc5 6. Bc4 Nf6 7. e5 d5 8.
exf6 dxc4 9. Qe2+ Be6 10. fxg7 Rg8 11. Bg5 Nd4 12. Nxd4 Qxd4 13. Ne4 Bb4+ 14.
Kf1 Be7 15. Bxe7 Kxe7 16. Re1 Qd3 17. h4 Rxg7 18. Ng3 Kf8 19. Kg1 Qxe2 20. Nxe2
Rd8 21. Nf4 Rd2 22. Kh2 Rxb2 23. Rhf1 Rxa2 24. Re3 b5 25. Kg1 b4 26. Rd1 b3 27.
Rf3 Bg4 28. Rd8+ Ke7 0-1

[Event "LiSB-ch"]
[Site "Stein"]
[Date "2000.12.03"]
[Round "7"]
[White "Bus, Tom"]
[Black "Heltzel, Joost"]
[Result "1/2-1/2"]
[WhiteElo "2049"]
[BlackElo "2115"]
[PlyCount "27"]
[EventDate "2000.11.25"]
[EventType "swiss"]
[EventRounds "7"]
[EventCountry "NED"]
[Source "P.Boonen"]
[SourceDate "2012.01.01"]

1. c4 c6 2. g3 d5 3. Bg2 Nf6 4. Nf3 e6 5. O-O Bd6 6. Qc2 O-O 7. b3 b6 8. Bb2
Bb7 9. Nc3 Nbd7 10. d3 e5 11. cxd5 cxd5 12. Nb5 Rc8 13. Qd2 Bb8 14. Ba3 1/2-1/2

[Event "LiSB-ch"]
[Site "Stein"]
[Date "2000.12.03"]
[Round "7"]
[White "Leentjens, Gilbert"]
[Black "Dambacher, Martijn"]
[Result "0-1"]
[WhiteElo "1790"]
[BlackElo "2256"]
[PlyCount "56"]
[EventDate "2000.11.25"]
[EventType "swiss"]
[EventRounds "7"]
[EventCountry "NED"]
[Source "P.Boonen"]
[SourceDate "2012.01.01"]

1. e4 c5 2. Nf3 e6 3. d4 cxd4 4. Nxd4 Nf6 5. Nc3 d6 6. Bc4 Be7 7. Be3 O-O 8. g4
d5 9. exd5 exd5 10. Be2 Bb4 11. a3 Bxc3+ 12. bxc3 Ne4 13. Qd3 Nd7 14. Nf5 Ne5
15. Qd4 Qf6 16. f4 Bxf5 17. gxf5 Qh4+ 18. Kd1 Ng4 19. Kc1 Nxe3 20. Qxe3 Rfe8
21. Bb5 Re7 22. Re1 a6 23. Ba4 b5 24. Bb3 Rc8 25. Kb2 Rxc3 26. Qd4 Rc4 27. Qxd5
Qf6+ 28. Kc1 Qxa1# 0-1

[Event "LiSB-ch"]
[Site "Stein"]
[Date "2000.12.03"]
[Round "7"]
[White "Mertens, Frans"]
[Black "Driessens, Patrick"]
[Result "0-1"]
[WhiteElo "2015"]
[BlackElo "2223"]
[PlyCount "66"]
[EventDate "2000.11.25"]
[EventType "swiss"]
[EventRounds "7"]
[EventCountry "NED"]
[Source "P.Boonen"]
[SourceDate "2012.01.01"]

1. d4 e6 2. Nf3 c5 3. c3 f5 4. d5 exd5 5. Qxd5 d6 6. c4 Nf6 7. Qd1 Be6 8. Nc3
Nc6 9. e3 d5 10. cxd5 Nxd5 11. Bb5 a6 12. Bxc6+ bxc6 13. Bd2 Bd6 14. e4 Nxc3
15. Bxc3 O-O 16. e5 Be7 17. Qxd8 Raxd8 18. O-O Kf7 19. Rfc1 g5 20. Bd2 f4 21.
Ba5 Rd5 22. Bc3 Rfd8 23. h3 Kg6 24. Kh2 h5 25. Rc2 g4 26. hxg4 hxg4 27. Ne1 Kf5
28. g3 f3 29. Rcc1 Bg5 30. Nc2 Bxc1 31. Rxc1 Rh8+ 32. Kg1 Rd7 33. Ne3+ Kg6 0-1

[Event "LiSB-ch Seniors"]
[Site "Stein"]
[Date "2000.11.25"]
[Round "1"]
[White "Werts, Ruud"]
[Black "Blankertz, Harald"]
[Result "1-0"]
[WhiteElo "1605"]
[BlackElo "1254"]
[PlyCount "95"]
[EventDate "2000.11.25"]
[EventType "tourn"]
[EventRounds "6"]
[EventCountry "NED"]
[Source "P.Boonen"]
[SourceDate "2012.01.01"]

1. c4 e5 2. Nc3 c6 3. Nf3 d6 4. d4 Qc7 5. d5 Nf6 6. e3 Bg4 7. Be2 Bxf3 8. Bxf3
Be7 9. O-O O-O 10. Qd3 Nbd7 11. b4 a6 12. Bb2 c5 13. a3 b5 14. cxb5 c4 15. Qe2
axb5 16. Nxb5 Qc8 17. Rac1 Nb6 18. Nc3 Qf5 19. e4 Qg6 20. Nb1 h5 21. Nd2 Kh7
22. Nxc4 Nxc4 23. Rxc4 Rh8 24. b5 Kg8 25. Rfc1 h4 26. h3 Nh5 27. Rc8+ Rxc8 28.
Rxc8+ Bf8 29. Bxh5 Rxh5 30. Bc1 f5 31. Qf3 Qf7 32. b6 f4 33. Rc7 Qg6 34. b7 Rg5
35. g3 hxg3 36. Kf1 g2+ 37. Kg1 Qh6 38. b8=Q Rh5 39. Qc8 Rg5 40. Bxf4 exf4 41.
Qd7 Rg6 42. Qf7+ Kh7 43. Qxf8 Rf6 44. Qe7 Rg6 45. Rc8 Rf6 46. Qe8 g5 47. Qh8+
Kg6 48. h4 1-0

[Event "LiSB-ch Seniors"]
[Site "Stein"]
[Date "2000.11.26"]
[Round "2"]
[White "Montforts, Ton"]
[Black "Werts, Ruud"]
[Result "1/2-1/2"]
[WhiteElo "1741"]
[BlackElo "1605"]
[PlyCount "54"]
[EventDate "2000.11.25"]
[EventType "tourn"]
[EventRounds "6"]
[EventCountry "NED"]
[Source "P.Boonen"]
[SourceDate "2012.01.01"]

1. e4 c5 2. Nf3 Nc6 3. d4 cxd4 4. Nxd4 e6 5. Nc3 Nf6 6. Bg5 Be7 7. Qd2 Qa5 8.
Nb3 Qe5 9. Bf4 Qh5 10. f3 a5 11. Nb5 O-O 12. g4 Nxg4 13. fxg4 Qxg4 14. Be2 Qh4+
15. Bg3 Qxe4 16. O-O-O Nb4 17. Kb1 b6 18. N3d4 Qd5 19. Nc3 Qb7 20. Bf3 d5 21.
a3 Na6 22. Ncb5 Bd7 23. Be2 Nc5 24. Bd3 Nxd3 25. Qxd3 Rac8 26. Rhg1 Bxb5 27.
Nxb5 Qc6 1/2-1/2

[Event "LiSB-ch Seniors"]
[Site "Stein"]
[Date "2000.11.26"]
[Round "3"]
[White "Blankertz, Harald"]
[Black "Montforts, Ton"]
[Result "0-1"]
[WhiteElo "1254"]
[BlackElo "1741"]
[PlyCount "96"]
[EventDate "2000.11.25"]
[EventType "tourn"]
[EventRounds "6"]
[EventCountry "NED"]
[Source "P.Boonen"]
[SourceDate "2012.01.01"]

1. c4 f5 2. g3 Nf6 3. Bg2 d6 4. e3 e5 5. Ne2 g6 6. O-O Bg7 7. Nbc3 O-O 8. d4
Na6 9. a3 c6 10. b4 Nc7 11. Rb1 Bd7 12. a4 Rb8 13. Ba3 exd4 14. exd4 d5 15. b5
Re8 16. Bd6 dxc4 17. bxc6 bxc6 18. Rxb8 Qxb8 19. d5 Qb7 20. Nf4 g5 21. Nfe2
Ncxd5 22. Nxd5 cxd5 23. Nc3 Bc6 24. Qc2 Ne4 25. Rb1 Qd7 26. Nxe4 fxe4 27. Bc5
Qe6 28. Bxa7 d4 29. Rd1 d3 30. Qa2 c3 31. Qxe6+ Rxe6 32. Be3 c2 33. Rf1 Bc3 34.
Bh3 Re8 35. Bxg5 d2 36. Bxd2 Bxd2 37. Ra1 c1=R+ 38. Rxc1 Bxc1 39. Kf1 Bxa4 40.
Bf5 Bd1 41. Ke1 Bf3 42. Bd7 Rd8 43. Ba4 Rd2 44. h3 Re2+ 45. Kf1 Bd2 46. Bb3+
Kg7 47. Kg1 Re1+ 48. Kh2 Rh1# 0-1

[Event "LiSB-ch Seniors"]
[Site "Stein"]
[Date "2000.12.02"]
[Round "4"]
[White "Blankertz, Harald"]
[Black "Werts, Ruud"]
[Result "0-1"]
[WhiteElo "1254"]
[BlackElo "1605"]
[PlyCount "91"]
[EventDate "2000.11.25"]
[EventType "tourn"]
[EventRounds "6"]
[EventCountry "NED"]
[Source "P.Boonen"]
[SourceDate "2012.01.01"]

1. c4 e5 2. g3 c6 3. Bg2 Nf6 4. Nc3 d6 5. e3 d5 6. d4 e4 7. c5 b5 8. cxb6 Qxb6
9. Nge2 Bd6 10. O-O O-O 11. Na4 Qc7 12. Qc2 a5 13. a3 Ba6 14. Nac3 Nbd7 15. Qd1
Bc4 16. b3 Bd3 17. Re1 Nb6 18. Bd2 Qe7 19. Qc1 a4 20. Qb2 axb3 21. Bc1 Bc2 22.
Nd1 Nc4 23. Qc3 Nd7 24. Nb2 Ndb6 25. Nxc4 dxc4 26. Nf4 Ra4 27. Bb2 Nd5 28. Nxd5
cxd5 29. f3 f5 30. f4 Bc7 31. Qd2 Ba5 32. Bc3 Ra8 33. Bh3 Qf8 34. g4 g6 35. Re2
Bxc3 36. Qxc3 Rxa3 37. Rxa3 Rxa3 38. Rg2 Kh8 39. g5 Ra2 40. Rg3 Bd3 41. Rg2 Qb8
42. Rb2 Rxb2 43. Qxb2 Qb4 44. Kf2 c3 45. Qa1 Qb8 46. Qa6 0-1

[Event "LiSB-ch Seniors"]
[Site "Stein"]
[Date "2000.12.02"]
[Round "5"]
[White "Werts, Ruud"]
[Black "Montforts, Ton"]
[Result "0-1"]
[WhiteElo "1605"]
[BlackElo "1741"]
[PlyCount "84"]
[EventDate "2000.11.25"]
[EventType "tourn"]
[EventRounds "6"]
[EventCountry "NED"]
[Source "P.Boonen"]
[SourceDate "2012.01.01"]

1. c4 Nf6 2. Nc3 e6 3. e3 c5 4. Nf3 Nc6 5. Be2 d5 6. d4 cxd4 7. Nxd4 a6 8. O-O
Bd6 9. Nf3 O-O 10. cxd5 exd5 11. b3 Be6 12. h3 Qc7 13. Bb2 Rfd8 14. Rc1 Rac8
15. Na4 Ne4 16. Bd4 Qb8 17. Nb6 Rc7 18. Na4 Nxd4 19. Qxd4 b5 20. Nb2 Rdc8 21.
Rxc7 Rxc7 22. Nd3 Nc3 23. Nc1 Ba3 24. Qe5 Bxc1 25. Bd3 Ne4 26. Bxe4 dxe4 27.
Qxe4 Qc8 28. Ng5 Bf5 29. Qh4 Bb2 30. e4 Bg6 31. Nf3 h6 32. Rd1 Rc1 33. Rxc1
Qxc1+ 34. Kh2 Qc8 35. Qe7 Bf6 36. Qb4 Qe6 37. Nd2 Qe5+ 38. g3 Qc3 39. Qd6 Qd4
40. Qxd4 Bxd4 41. Kg2 Bc3 42. Nb1 Bxe4+ 0-1

[Event "LiSB-ch Seniors"]
[Site "Stein"]
[Date "2000.12.03"]
[Round "6"]
[White "Montforts, Ton"]
[Black "Blankertz, Harald"]
[Result "1-0"]
[WhiteElo "1741"]
[BlackElo "1254"]
[PlyCount "81"]
[EventDate "2000.11.25"]
[EventType "tourn"]
[EventRounds "6"]
[EventCountry "NED"]
[Source "P.Boonen"]
[SourceDate "2012.01.01"]

1. e4 c6 2. d4 Nf6 3. Nc3 d6 4. Bg5 Qb6 5. b3 Bg4 6. f3 Bh5 7. Qd2 Nbd7 8. h4
e5 9. dxe5 dxe5 10. Be3 Qd8 11. g4 Bb4 12. gxh5 Nxh5 13. Rh3 Qf6 14. O-O-O Rd8
15. Bg5 Qe6 16. Bxd8 Kxd8 17. Nge2 Kc7 18. Nd5+ cxd5 19. Qxb4 Nb6 20. exd5 Qh6+
21. Kb1 Rd8 22. Rh1 Nf6 23. Qe7+ Kc8 24. Bh3+ Nbd7 25. Qxe5 Re8 26. Qc3+ Kb8
27. Nd4 Nxd5 28. Qd2 Qxd2 29. Rxd2 Ne5 30. Kb2 Ng6 31. Nf5 Ndf4 32. Nxg7 Re3
33. Bg4 Ne5 34. Rhd1 a6 35. Nf5 Re2 36. Rxe2 Nxe2 37. Re1 Nxg4 38. Rxe2 Nf6 39.
Re7 Nd5 40. Rxf7 h5 41. Ng3 1-0